000
00303nam a22001217a 4500
020
_a
07-063745-8
082
_a
621.38173 DES'M
100
_a
MORRIS, R. L,MILLER, J. R
_9
77475
245
_a
DESIGINING WITH TTL INTEGRATED CIRCUITS
260
_a
TOKYO
_b
MCGRAW HILL
_c
1971
300
_a
322P
942
_c
BK
999
_c
582734
_d
582734